Resolución AUD-2014-016 emanada de la sesión ordinadria celebrada por el pleno en fecha 6 de mayo del 2014. Informe Legal. Informe de auridtoría Financiera y de gestión practicada por la Cámara de Ccuentas de la república, al Ministerio de Educación de la República Dominicana (MINERD). (Record no. 8873)

MARC details
000 -LEADER
campo de control de longitud fija 00660nam a2200145Ia 4500
001 - NÚMERO DE CONTROL
campo de control 4052
008 - DATOS DE LONGITUD FIJA--INFORMACIÓN GENERAL
campo de control de longitud fija 241024s9999 xx 000 0 und d
082 ## - NÚMERO DE LA CLASIFICACIÓN DECIMAL DEWEY
Número de clasificación RD/371.2/R426r/2014
100 ## - ENTRADA PRINCIPAL--NOMBRE DE PERSONA
Nombre de persona República Dominicana. Cámara de Cuentas de la República
245 #0 - MENCIÓN DEL TÍTULO
Título Resolución AUD-2014-016 emanada de la sesión ordinadria celebrada por el pleno en fecha 6 de mayo del 2014. Informe Legal. Informe de auridtoría Financiera y de gestión practicada por la Cámara de Ccuentas de la república, al Ministerio de Educación de la República Dominicana (MINERD).
260 ## - PUBLICACIÓN, DISTRIBUCIÓN, ETC.
Nombre del editor, distribuidor, etc. Santo Domingo
Fecha de publicación, distribución, etc. 2014
590 ## - NOTA LOCAL (RLIN)
Nota local si
901 ## - ELEMENTOS DE DATOS A LOCAL LDA (RLIN)
a 29/2/2016 2:50:44 p.m.

No items available.

© 2024. Todos los Derechos Reservados. Desarrollado por IDEICE